[Event "Bucharest ROM GP"]
[Site "Bucharest"]
[Date "2025.05.11"]
[Round "9"]
[White "Predke, Alexandr"]
[Black "Kuzubov, Yuriy"]
[Result "1-0"]
[WhiteElo "2631"]
[BlackElo "2605"]
[PlyCount "61"]
[EventDate "2025.05.10"]
[EventType "swiss"]
[EventRounds "10"]
[EventCountry "ROU"]
[SourceTitle "CB20_2025"]
[SourceDate "2025.05.14"]
[SourceVersion "1"]
[SourceVersionDate "2025.05.14"]
[SourceQuality "1"]

1. e4 e5 2. Nf3 Nf6 3. Nxe5 d6 4. Nf3 Nxe4 5. Nc3 Nf6 6. d4 g6 7. Qe2+ Qe7 8. Be3 Bg7 9. 0-0-0 0-0 10. Qd2 c6 11. d5 c5 12. Re1 Qc7 13. Bh6 Bg4 14. h4 Nbd7 15. h5 Bxh5 16. Bxg7 Kxg7 17. Nh4 Rae8 18. Rxe8 Rxe8 19. f3 Ne5 20. Bb5 Rh8 21. Qg5 Ng8 22. g4 h6 23. Qe3 Bxg4 24. fxg4 Nxg4 25. Qf4 N8f6 26. Be2 h5 27. Bxg4 Nxg4 28. Nb5 Qd7 29. Nxd6 Rf8 30. Nhf5+ gxf5 31. Qg5+ 1-0

[Event "Tartu Rapid op"]
[Site "Tartu"]
[Date "2025.04.24"]
[Round "9"]
[White "Larkin, Vladislav"]
[Black "Kuzubov, Yuriy"]
[Result "1/2-1/2"]
[WhiteElo "2443"]
[BlackElo "2605"]
[PlyCount "151"]
[EventDate "2025.04.24"]
[EventType "swiss (rapid)"]
[EventRounds "11"]
[EventCountry "EST"]
[SourceTitle "CB20_2025"]
[SourceDate "2025.05.14"]
[SourceVersion "1"]
[SourceVersionDate "2025.05.14"]
[SourceQuality "1"]

1. e4 c5 2. Nf3 Nc6 3. Bb5 e6 4. 0-0 Nge7 5. c3 a6 6. Ba4 b5 7. Bc2 Bb7 8. a4 Ng6 9. Re1 c4 10. d4 cxd3 11. Bxd3 b4 12. Nbd2 Nce5 13. Bf1 bxc3 14. bxc3 Qc7 15. a5 Bd6 16. Rb1 0-0 17. Nd4 Rab8 18. Re3 Qxa5 19. Qh5 h6 20. g3 Nc6 21. Qd1 Qc7 22. N2b3 Be7 23. Ra1 Nce5 24. Na5 Ba8 25. f4 Nc6 26. Naxc6 Bxc6 27. Nxc6 Qxc6 28. Rxa6 Qb7 29. Re1 Bc5+ 30. Kg2 Ra8 31. Qa4 Ne7 32. Qb5 Qc7 33. h4 Rfb8 34. Rxa8 Rxa8 35. Kh3 d6 36. Rd1 Rb8 37. Qa4 Qc8 38. Be2 Rb1 39. Bd2 Rb2 40. Bg4 Kh7 41. Qc4 Qb7 42. Qd3 Kh8 43. h5 Ng8 44. e5 d5 45. Bf3 Ne7 46. Ra1 Nc6 47. Qa6 Qxa6 48. Rxa6 Rxd2 49. Rxc6 Bf2 50. c4 dxc4 51. Rc8+ Kh7 52. Be4+ g6 53. hxg6+ fxg6 54. Rc7+ Kg8 55. Bxg6 Kf8 56. Rf7+ Kg8 57. Rc7 Rd4 58. Bf7+ Kf8 59. Kg2 Be1 60. Bxe6 c3 61. f5 Rd2+ 62. Kf3 c2 63. f6 Rd3+ 64. Ke4 Rc3 65. Rh7 Re3+ 66. Kf5 Rf3+ 67. Ke4 Re3+ 68. Kf4 Bxg3+ 69. Kg4 h5+ 70. Kg5 Rxe5+ 71. Kg6 Rg5+ 72. Kxg5 c1Q+ 73. Kg6 Qc2+ 74. Bf5 Qc4 75. Rh8+ Qg8+ 76. Rxg8+ 1/2-1/2

[Event "Tartu Rapid op"]
[Site "Tartu"]
[Date "2025.04.24"]
[Round "11"]
[White "Malisauskas, Vidmantas"]
[Black "Kuzubov, Yuriy"]
[Result "0-1"]
[WhiteElo "2335"]
[BlackElo "2605"]
[PlyCount "98"]
[EventDate "2025.04.24"]
[EventType "swiss (rapid)"]
[EventRounds "11"]
[EventCountry "EST"]
[SourceTitle "CB20_2025"]
[SourceDate "2025.05.14"]
[SourceVersion "1"]
[SourceVersionDate "2025.05.14"]
[SourceQuality "1"]

1. e4 c5 2. Nf3 Nc6 3. d4 cxd4 4. Nxd4 Nf6 5. Nc3 e5 6. Ndb5 d6 7. Bg5 a6 8. Na3 b5 9. Nd5 Be7 10. Bxf6 Bxf6 11. c3 0-0 12. Nc2 Rb8 13. b4 Bg5 14. a4 Ne7 15. axb5 axb5 16. h4 Bh6 17. Nce3 Bxe3 18. Nxe3 Bb7 19. f3 d5 20. exd5 Bxd5 21. Be2 Qd6 22. Qd2 Rfd8 23. Ra7 Qf6 24. Ng4 Qe6 25. Qg5 Nc6 26. Ra6 Bc4 27. Nh6+ Kh8 28. Nf5 Rg8 29. Ne7 Qxe7 30. Rxc6 Qd7 31. Rc5 Bxe2 32. Kxe2 e4 33. fxe4 Rge8 34. e5 Rbd8 35. Qe3 Qg4+ 36. Qf3 Qg6 37. Rc1 f6 38. h5 Qg5 39. Rd1 Rxe5+ 40. Rxe5 Qxe5+ 41. Kf1 Re8 42. Kg1 h6 43. Rd4 Rc8 44. Qg4 Qe1+ 45. Kh2 Qxc3 46. Rd7 Qe5+ 47. Kh3 f5 48. Qg6 f4 49. Qd6 Qxh5# 0-1

[Event "EU-ch 25th"]
[Site "Eforie Nord"]
[Date "2025.03.26"]
[Round "11"]
[White "Kuzubov, Yuriy"]
[Black "Brunello, Sabino"]
[Result "1-0"]
[WhiteElo "2603"]
[BlackElo "2494"]
[PlyCount "49"]
[EventDate "2025.03.15"]
[EventType "swiss"]
[EventRounds "11"]
[EventCountry "ROU"]
[SourceTitle "CB13_2025"]
[SourceDate "2025.03.26"]
[SourceVersion "1"]
[SourceVersionDate "2025.03.26"]
[SourceQuality "1"]

1. c4 c6 2. d4 d5 3. Nf3 Nf6 4. Nc3 e6 5. e3 Nbd7 6. Be2 Bd6 7. b3 0-0 8. 0-0 b6 9. Bb2 Bb7 10. Qc2 Rc8 11. Rad1 c5 12. Nb5 Bb8 13. dxc5 bxc5 14. cxd5 exd5 15. Qf5 Re8 16. Rfe1 Qb6 17. Nc3 h6 18. Bb5 Qe6 19. Qxe6 fxe6 20. e4 Red8 21. exd5 exd5 22. Nh4 Kf7 23. Nf5 Re8 24. Bxd7 Nxd7 25. Nb5 1-0

[Event "EU-ch 25th"]
[Site "Eforie Nord"]
[Date "2025.03.18"]
[Round "4"]
[White "Willow, Jonah B"]
[Black "Kuzubov, Yuriy"]
[Result "1/2-1/2"]
[WhiteElo "2450"]
[BlackElo "2603"]
[PlyCount "27"]
[EventDate "2025.03.15"]
[EventType "swiss"]
[EventRounds "11"]
[EventCountry "ROU"]
[SourceTitle "CB13_2025"]
[SourceDate "2025.03.26"]
[SourceVersion "1"]
[SourceVersionDate "2025.03.26"]
[SourceQuality "1"]

1. e4 e5 2. Nf3 Nf6 3. Nc3 Nc6 4. Bb5 Bb4 5. 0-0 0-0 6. Bxc6 dxc6 7. Nxe5 Re8 8. Nd3 Bxc3 9. dxc3 Nxe4 10. Bf4 Bf5 11. Re1 Nd6 12. Qf3 Bxd3 13. Qxd3 Qf6 14. Bxd6 1/2-1/2

[Event "Chessable Masters Play In"]
[Site "Chess.com INT"]
[Date "2025.02.17"]
[Round "6"]
[White "Kuzubov, Yuriy"]
[Black "Grischuk, Alexander"]
[Result "1/2-1/2"]
[WhiteElo "2597"]
[BlackElo "2687"]
[PlyCount "145"]
[EventDate "2025.02.17"]
[EventType "swiss (blitz)"]
[EventRounds "9"]
[EventCountry "USA"]
[SourceTitle "CB08_2025"]
[SourceDate "2025.02.19"]
[SourceVersion "1"]
[SourceVersionDate "2025.02.19"]
[SourceQuality "1"]

1. d4 d5 2. c4 e6 3. Nf3 Nf6 4. Nc3 Be7 5. cxd5 exd5 6. Bf4 c6 7. e3 Bf5 8. Nh4 Be6 9. h3 Bd6 10. Nf3 Bxf4 11. exf4 Bf5 12. Ne5 h6 13. g4 Bh7 14. Bd3 Ne4 15. Bxe4 Bxe4 16. f3 Bh7 17. f5 0-0 18. Kf2 Nd7 19. Qd2 Re8 20. Rae1 Qc7 21. Nxd7 Qxd7 22. Qf4 f6 23. Rxe8+ Rxe8 24. Re1 Rxe1 25. Kxe1 Qd8 26. Kd2 Kf8 27. b4 Bg8 28. a4 Bf7 29. a5 Kg8 30. Na4 b6 31. axb6 axb6 32. Nb2 Kh7 33. h4 Be8 34. Nd3 Bf7 35. Qh2 Kg8 36. Kc3 Kh7 37. Qa2 Qc7 38. Qa8 Bg8 39. f4 c5 40. bxc5 bxc5 41. dxc5 d4+ 42. Kxd4 Qd7+ 43. Kc3 Bd5 44. Qa6 Be4 45. Qd6 Qa4 46. Nb4 Qa1+ 47. Kc4 Qf1+ 48. Kd4 Bh1 49. c6 Qf2+ 50. Kc4 Qxh4 51. c7 Bb7 52. Qb6 Qh1 53. Nc6 Qe4+ 54. Kc5 Bc8 55. Qb8 Bd7 56. c8Q Bxc8 57. Qxc8 Qxf4 58. Qe6 Qxg4 59. Ne7 h5 60. Qg8+ Kh6 61. Qh8+ Kg5 62. Qxg7+ Kf4 63. Qxf6 h4 64. Ng6+ Ke4 65. Qd4+ Kxf5 66. Ne7+ Kg5 67. Qg7+ Kf4 68. Qd4+ Kg3 69. Qg1+ Kf3 70. Qd1+ Kg3 71. Qg1+ Kh3 72. Qh1+ Kg3 73. Qg1+ 1/2-1/2

[Event "Chessable Masters Play In"]
[Site "Chess.com INT"]
[Date "2025.02.17"]
[Round "9"]
[White "Kuzubov, Yuriy"]
[Black "Murzin, Volodar"]
[Result "0-1"]
[WhiteElo "2597"]
[BlackElo "2657"]
[PlyCount "122"]
[EventDate "2025.02.17"]
[EventType "swiss (blitz)"]
[EventRounds "9"]
[EventCountry "USA"]
[SourceTitle "CB08_2025"]
[SourceDate "2025.02.19"]
[SourceVersion "1"]
[SourceVersionDate "2025.02.19"]
[SourceQuality "1"]

1. d4 Nf6 2. Nf3 b6 3. c4 e6 4. g3 Bb7 5. Bg2 Bb4+ 6. Bd2 a5 7. 0-0 0-0 8. Bg5 Be7 9. Re1 d6 10. Nc3 Ne4 11. Bxe7 Qxe7 12. Qd3 Nxc3 13. bxc3 Nd7 14. Ng5 Qxg5 15. Bxb7 Rad8 16. Bc6 Nb8 17. f4 Qe7 18. Bf3 Nd7 19. e4 e5 20. Kh1 Kh8 21. Rg1 Qf6 22. Qe3 Qh6 23. Rae1 Rfe8 24. Rgf1 Re7 25. Kg1 Rde8 26. Re2 Nf8 27. Bg2 Nd7 28. Qf3 Nf6 29. Rfe1 Qh5 30. Qxh5 Nxh5 31. Bf3 Nf6 32. Kf2 g6 33. h3 Kg7 34. Re3 h5 35. Kg2 Nd7 36. R1e2 Nf8 37. Rd3 h4 38. dxe5 dxe5 39. f5 gxf5 40. Rde3 f4 41. gxf4 Ng6 42. Rd2 Nxf4+ 43. Kf1 Re6 44. Bg4 Rc6 45. Bd1 Ree6 46. Ba4 Red6 47. Ke1 Rxd2 48. Kxd2 Rg6 49. c5 Rg2+ 50. Kc1 Rxa2 51. cxb6 cxb6 52. Bd7 Kf6 53. c4 Ke7 54. Bg4 Kd6 55. Rb3 Kc7 56. Rb5 f6 57. c5 bxc5 58. Rxc5+ Kd6 59. Rc8 a4 60. Kb1 Ra3 61. Rh8 Nxh3 0-1

[Event "Chessable Masters Play In"]
[Site "Chess.com INT"]
[Date "2025.02.17"]
[Round "8"]
[White "Muradli, Mahammad"]
[Black "Kuzubov, Yuriy"]
[Result "1-0"]
[WhiteElo "2588"]
[BlackElo "2597"]
[PlyCount "105"]
[EventDate "2025.02.17"]
[EventType "swiss (blitz)"]
[EventRounds "9"]
[EventCountry "USA"]
[SourceTitle "CB08_2025"]
[SourceDate "2025.02.19"]
[SourceVersion "1"]
[SourceVersionDate "2025.02.19"]
[SourceQuality "1"]

1. Nf3 d5 2. c4 d4 3. b4 g5 4. g3 Bg7 5. Qb3 e5 6. d3 h6 7. Bg2 Ne7 8. a4 a5 9. b5 c5 10. bxc6 Nexc6 11. Na3 Na6 12. Nb5 Nc5 13. Qb1 Rb8 14. Ba3 b6 15. Nxg5 hxg5 16. Bxc6+ Kf8 17. Bd5 Kg8 18. Bxc5 bxc5 19. Qa2 Rb6 20. 0-0-0 g4 21. e4 Rbh6 22. h4 gxh3 23. f4 h2 24. Qf2 exf4 25. gxf4 Qh4 26. Rd2 Qxf2 27. Rxf2 Kf8 28. Kc2 Bd7 29. e5 Rh4 30. Nd6 Bxa4+ 31. Kb2 Rh3 32. Nxf7 R8h4 33. Ng5 Rxd3 34. Ne6+ Ke7 35. Nxc5 Re3 36. Nxa4 d3 37. Nc3 d2 38. Kc2 Rhh3 39. Nd1 Ra3 40. Rhxh2 Ra2+ 41. Kb1 Rha3 42. Rxd2 Ra1+ 43. Kc2 a4 44. Rh7 Kf8 45. Rg2 R3a2+ 46. Nb2 a3 47. Rgxg7 Rxb2+ 48. Kc3 Rc1+ 49. Kd4 Rd2+ 50. Kc5 Rxd5+ 51. Kxd5 a2 52. Ra7 Kg8 53. Rhb7 1-0

[Event "Keres Memorial rap 34th"]
[Site "Tallinn"]
[Date "2025.01.18"]
[Round "7"]
[White "Kuzubov, Yuriy"]
[Black "Putka, Verner"]
[Result "1-0"]
[WhiteElo "2597"]
[BlackElo "2307"]
[PlyCount "65"]
[EventDate "2025.01.18"]
[EventType "swiss (rapid)"]
[EventRounds "11"]
[EventCountry "EST"]
[SourceTitle "CB05_2025"]
[SourceDate "2025.01.29"]
[SourceVersion "1"]
[SourceVersionDate "2025.01.29"]
[SourceQuality "1"]

1. d4 Nf6 2. Nf3 e6 3. c4 b6 4. g3 Ba6 5. Qc2 c5 6. d5 exd5 7. cxd5 d6 8. Bg2 Be7 9. 0-0 0-0 10. Rd1 Re8 11. e4 Bf8 12. Nc3 b5 13. a3 Nbd7 14. Be3 Rc8 15. Bh3 b4 16. axb4 cxb4 17. Rxa6 bxc3 18. Rxa7 cxb2 19. Qxb2 Rc7 20. Rxc7 Qxc7 21. Rc1 Qd8 22. Bg5 Nc5 23. Bxf6 gxf6 24. Qc2 Qa5 25. Bf5 Rb8 26. Nd4 Qa3 27. Qc3 Qa6 28. Nc6 Rb3 29. Qxf6 Qb6 30. Bxh7+ Kxh7 31. Qxf7+ Bg7 32. Ne7 Qd8 33. Qg6+ 1-0

[Event "Titled Tuesday intern op 07th Jan Early"]
[Site "Chess.com INT"]
[Date "2025.01.07"]
[Round "3"]
[White "Sydykov, Bayastan"]
[Black "Kuzubov, Yuriy"]
[Result "1-0"]
[WhiteElo "2221"]
[BlackElo "2597"]
[PlyCount "146"]
[EventDate "2025.01.07"]
[EventType "swiss (blitz)"]
[EventRounds "11"]
[EventCountry "USA"]
[SourceTitle "CB03_2025"]
[SourceDate "2025.01.15"]
[SourceVersion "1"]
[SourceVersionDate "2025.01.15"]
[SourceQuality "1"]

1. e4 c5 2. Nf3 Nc6 3. d4 cxd4 4. Nxd4 g6 5. c4 Nf6 6. Nc3 d6 7. Be2 Bg7 8. Be3 0-0 9. 0-0 Nxd4 10. Bxd4 Bd7 11. h3 Bc6 12. Qc2 a5 13. Rfd1 Nd7 14. Bxg7 Kxg7 15. Rac1 a4 16. Qd2 Qb6 17. Bd3 Ne5 18. Bf1 Rfd8 19. Rb1 Qb4 20. Qd4 Qc5 21. Rd2 Qxd4 22. Rxd4 g5 23. Rbd1 Rdc8 24. Be2 h6 25. g3 Rg8 26. Kf1 Bd7 27. Kg2 Be6 28. f4 Nc6 29. R4d2 Kf8 30. f5 Bd7 31. Nd5 f6 32. Nb6 Rd8 33. Nxa4 Ne5 34. Nc3 Rc8 35. b3 Bc6 36. a4 Ra8 37. Kf2 Kg7 38. Ke3 Nd7 39. Rb2 Rge8 40. Ra1 Nc5 41. Bd1 e6 42. fxe6 Rxe6 43. Bc2 f5 44. Kd4 Bxe4 45. b4 Bxc2 46. bxc5 dxc5+ 47. Kxc5 Be4 48. Nxe4 Rxe4 49. Rxb7+ Kg6 50. Rb6+ Kh5 51. Kb5 Re3 52. g4+ fxg4 53. hxg4+ Kxg4 54. Rxh6 Rb3+ 55. Kc5 Kg3 56. a5 g4 57. a6 Kf2 58. Rf6+ Ke3 59. a7 g3 60. Rg6 Kf2 61. Ra2+ Kf3 62. Rf6+ Ke4 63. Re6+ Kf3 64. Rb6 Rxb6 65. Kxb6 g2 66. Rxg2 Kxg2 67. Kb7 Rg8 68. c5 Kf3 69. c6 Ke4 70. c7 Kd5 71. a8Q Rxa8 72. Kxa8 Kc6 73. c8Q+ Kb6 1-0